Les nouveaux enfants terribles (notice n° 1626378)
[ vue normale ]
| 000 -LEADER | |
|---|---|
| fixed length control field | 00477cam a2200157 4500500 |
| 005 - DATE AND TIME OF LATEST TRANSACTION | |
| control field | 20260111093435.0 |
| 041 ## - LANGUAGE CODE | |
| Language code of text/sound track or separate title | fre |
| 042 ## - AUTHENTICATION CODE | |
| Authentication code | dc |
| 100 10 - MAIN ENTRY--PERSONAL NAME | |
| Personal name | Bittinger, Nathalie |
| Relator term | author |
| 245 00 - TITLE STATEMENT | |
| Title | Les nouveaux enfants terribles |
| 260 ## - PUBLICATION, DISTRIBUTION, ETC. | |
| Date of publication, distribution, etc. | 2018.<br/> |
| 500 ## - GENERAL NOTE | |
| General note | 71 |
| 700 10 - ADDED ENTRY--PERSONAL NAME | |
| Personal name | Benhessa, Ghislain |
| Relator term | author |
| 786 0# - DATA SOURCE ENTRY | |
| Note | Esprit | Avril | 4 | 2018-04-18 | p. 67-74 | 0014-0759 |
| 856 41 - ELECTRONIC LOCATION AND ACCESS | |
| Uniform Resource Identifier | <a href="https://shs.cairn.info/revue-esprit-2018-4-page-67?lang=fr&redirect-ssocas=7080">https://shs.cairn.info/revue-esprit-2018-4-page-67?lang=fr&redirect-ssocas=7080</a> |
Pas d'exemplaire disponible.




Réseaux sociaux